Naturálna medicína nie je alternatívou ôsme fyto-apiterapeutické dni s medzinárodnou účasťou

Podrobná bibliografia
Hlavný autor: (jps) (Autor)
Médium: Článok
Jazyk:slovenčina
ISSN:1335-4477
Predmet:

MARC

LEADER 00000nab a2200000 a 4500
001 vtls000773903
003 SK-MaSNL
005 20260302152402.0
008 140303c2001 xo 0 slo
015 |a SNBRB2001/11-32202 
035 |a CLN000125690 
040 |a SNKBUCL  |b slo  |c SNKBUCL  |e AACR2 
041 0 |a slo 
044 |a xo  |c SK 
080 |a 615.322:061.3  |2 1997 
080 |a 615.814.5:061.3  |2 1997 
100 0 |a (jps)  |4 aut  |9 839585 
245 1 0 |a Naturálna medicína nie je alternatívou  |b ôsme fyto-apiterapeutické dni s medzinárodnou účasťou  |c [autor] (jps) 
611 1 7 |a Fyto-apiterapeutické dni  |n 8.  |d 2001  |c Košice, Slovensko  |2 snkbucl  |9 845608 
650 0 7 |a fytoterapia  |2 SNKPH  |9 1147 
650 0 7 |a apiterapia  |2 SNKPH  |9 13603 
655 7 |a články z novín a časopisov  |2 SNK  |9 267496 
773 0 |t Zdravotnícke noviny  |g Roč. 6, č. 39 (2001), s. 10  |x 1335-4477 
850 |a Slovenská národná knižnica v Martine 
852 |a SNK  |b KIS3GCP 
958 |a MI 
992 |a RBX 
999 |c 1362452  |d 1364382